| 000 | 00635nam a2200157 a 4500 | ||
|---|---|---|---|
| 001 | 000029597 | ||
| 005 | 20200930055650.0 | ||
| 008 | 110404s1985 dr a 000 0 spa d | ||
| 040 |
_aDO-SdBNP _bspa _cBNPHU |
||
| 082 |
_axxxx _bR426 |
||
| 110 | 1 |
_aRepública Dominicana . _bSecretaría de estado de Obras Públicas y Comunicaciones, _bDirección General Reglamentos y Sistemas _954865 |
|
| 245 | 1 | 0 | _aReglamento para dibujos de planos en proyectos de edificaciones. |
| 260 |
_aSanto Domingo : _bSecretaría de estado de Obras Públicas y Comunicaciones, _c1985. _fEditora Alfa y Omega |
||
| 300 |
_a42 p. : _bil. ; _c28 cm. |
||
| 049 | _aBNPD | ||
| 999 |
_c29089 _d29089 |
||